Hannibal (TV Series) Cast Photo Character Map Quiz Stats

 Plays Quiz not verified by Sporcle

Score 0/8 Timer 01:00
0 Plays Today
% Correct
Dr. Hannibal Lecter
98.2%
Will Graham
95.5%
Jack Crawford
92.9%
Dr. Alana Bloom
91.4%
Freddie Lounds
84.5%
Beverly Katz
75.9%
Jimmy Price
62.8%
Brian Zeller
58.3%

You're not logged in!

Compare scores with friends on all Sporcle quizzes.
OR
Log In

Show Comments

Extras

Top Quizzes Today


Score Distribution

Your Account Isn't Verified!

In order to create a playlist on Sporcle, you need to verify the email address you used during registration. Go to your Sporcle Settings to finish the process.

Report this User

Report this user for behavior that violates our Community Guidelines.

Details: